| 000 | 00794cam a2200253 a 4500 | ||
|---|---|---|---|
| 001 | 43115 | ||
| 003 | BD-RjUL | ||
| 005 | 20211209053641.0 | ||
| 008 | 160619r19611956enk 000 0 eng d | ||
| 035 | _aBD-RjUL43233 | ||
| 040 |
_a2509 _beng _c2509 _dANL |
||
| 041 | _aeng | ||
| 082 | 0 | 4 |
_a330.942 _221 _bLIE 1961 |
| 100 | 1 |
_aLipson, E. _q(Ephraim), _d1888-1960. _9132394 |
|
| 245 | 1 | 4 |
_aThe economic history of England / _cby E. Lipson. |
| 250 | _a6th ed. | ||
| 260 |
_aLondon : _bBlack, _c1956 [reprinted 1961] |
||
| 300 |
_aV. ; _c24 cm. |
||
| 504 | _aIncludes bibliographical references. | ||
| 505 | 0 | _av. 2. The age of mercantilism - v.3. The age of mercantilism. | |
| 650 | 0 |
_aEconomic history. _9132395 |
|
| 651 | 0 |
_aEngland _xEconomic conditions _xHistory. _9132396 |
|
| 942 |
_2ddc _cBK |
||
| 999 |
_c43115 _d43115 |
||